[Event "Chigorin Memorial"]
[Site "St Petersburg"]
[Date "2015.10.06"]
[Round "4.91"]
[White "Shemeakin, Alexander"]
[Black "Sergeeva, Natalia"]
[Result "1-0"]
[WhiteElo "2275"]
[BlackElo "2077"]
[PlyCount "135"]
[EventDate "2015.10.03"]
[EventRounds "9"]
[EventCountry "RUS"]

1. d4 Nf6 2. c4 e6 3. Nf3 d5 4. Nc3 c6 5. g3 Be7 6. Bg2 O-O 7. O-O a5 8. Ne5
Nfd7 9. Nxd7 Nxd7 10. b3 Re8 11. Bb2 Rb8 12. e4 dxe4 13. Nxe4 Nf6 14. Qc2 Bd7
15. Rad1 h6 16. Rfe1 Nxe4 17. Rxe4 Bf6 18. f4 Qb6 19. Ba3 Qc7 20. Bf3 Rbd8 21.
g4 c5 22. Bxc5 b6 23. Ba3 Bc6 24. Bb2 Bxe4 25. Qxe4 a4 26. Qe3 axb3 27. g5 hxg5
28. fxg5 Be7 29. g6 Bd6 30. gxf7+ Qxf7 31. axb3 Qg6+ 32. Kh1 Qc2 33. Rd2 Qb1+
34. Kg2 Qf5 35. Re2 Rd7 36. Qe4 Qg5+ 37. Qg4 Qh6 38. Qh5 Qxh5 39. Bxh5 Ree7 40.
Bg4 Ra7 41. Bxe6+ Kh7 42. Kf3 Ra8 43. d5 Rf8+ 44. Ke3 Ra7 45. Rg2 Rf1 46. Bd4
Rb7 47. h3 Re1+ 48. Kd3 Rd1+ 49. Rd2 Rb1 50. Kc2 Re1 51. Rf2 Kg6 52. Rg2+ Kh7
53. Bf5+ Kg8 54. Rg6 Bc5 55. Re6 Rxe6 56. Bxe6+ Kf8 57. Bc3 Be7 58. b4 Bf6 59.
Bd2 Be7 60. Kb3 Ke8 61. Bf4 Kd8 62. d6 Bf6 63. Ka4 b5+ 64. cxb5 Ra7+ 65. Kb3 g5
66. Be3 Rb7 67. Kc4 Be5 68. Bxg5+ 1-0

[Event "Chigorin Memorial"]
[Site "St Petersburg"]
[Date "2015.10.06"]
[Round "4.92"]
[White "Ovchinnikov, Vsevolod"]
[Black "Golikov, Daniil"]
[Result "1/2-1/2"]
[WhiteElo "2273"]
[BlackElo "2039"]
[PlyCount "109"]
[EventDate "2015.10.03"]
[EventRounds "9"]
[EventCountry "RUS"]

1. d4 d5 2. c4 c6 3. Nf3 Nf6 4. Nc3 dxc4 5. a4 Bg4 6. Ne5 Bh5 7. g3 Nbd7 8.
Nxc4 e6 9. Bg2 Nb6 10. Ne5 Nbd5 11. O-O Bd6 12. Nc4 Be7 13. Re1 O-O 14. Qb3 Nb6
15. a5 Nxc4 16. Qxc4 Rc8 17. Qb3 b5 18. axb6 axb6 19. Ra7 b5 20. Bf4 Bd6 21.
Bxd6 Qxd6 22. e3 Bg6 23. Ra6 Qd7 24. Qa3 Nd5 25. Qc5 Rc7 26. Rea1 Rfc8 27. Ra7
h6 28. Rxc7 Qxc7 29. Bxd5 cxd5 30. Qxc7 Rxc7 31. Ra8+ Kh7 32. Rb8 Bd3 33. Kg2
Kg6 34. Rb6 Kh7 35. Nxb5 Be4+ 36. Kh3 Rc2 37. Nd6 Rxf2 38. Nxe4 dxe4 39. Rb5 f5
40. Re5 g5 41. g4 Rf3+ 42. Kg2 Rxe3 43. gxf5 exf5 44. Rxf5 Rd3 45. d5 Rd2+ 46.
Kg3 Rxb2 47. Re5 Rd2 48. Rxe4 Rxd5 49. h4 Kg6 50. hxg5 hxg5 51. Kg4 Rd6 52. Ra4
Rf6 53. Rb4 Rf4+ 54. Rxf4 gxf4 55. Kxf4 1/2-1/2

[Event "Chigorin Memorial"]
[Site "St Petersburg"]
[Date "2015.10.06"]
[Round "4.93"]
[White "Khusenkhojaev, Mustafokhuja"]
[Black "Shapiro, David"]
[Result "1-0"]
[WhiteElo "2092"]
[BlackElo "2255"]
[PlyCount "117"]
[EventDate "2015.10.03"]
[EventRounds "9"]
[EventCountry "RUS"]

1. c4 e6 2. Nf3 d5 3. d4 c6 4. Nc3 Nf6 5. e3 Nbd7 6. Bd3 dxc4 7. Bxc4 b5 8. Bd3
Bb7 9. O-O a6 10. e4 c5 11. d5 c4 12. Bc2 Qc7 13. Nd4 Nc5 14. Qe2 Be7 15. Rd1
O-O-O 16. b4 cxb3 17. axb3 exd5 18. e5 Nfe4 19. Nxe4 dxe4 20. Bf4 Ne6 21. Nxe6
fxe6 22. Bxe4 Bxe4 23. Qxe4 Qb7 24. Rdc1+ Kb8 25. Rc6 Rd5 26. Qc2 Rc8 27. Rxc8+
Qxc8 28. Qxh7 Qc3 29. Rf1 Qxb3 30. Qxg7 Rd1 31. g3 Bc5 32. Rxd1 Qxd1+ 33. Kg2
Qd5+ 34. f3 b4 35. h4 b3 36. Qg6 b2 37. Qb1 Qb7 38. h5 a5 39. h6 Bf8 40. h7 Bg7
41. Bh6 Bh8 42. Bf8 Qb3 43. Bd6+ Ka7 44. Bc5+ Ka8 45. Bd4 Qb7 46. Bxb2 Kb8 47.
Qc2 Qd5 48. Bc3 Qc5 49. Qd2 Kc8 50. Qd4 Qb5 51. Qf4 Qc5 52. Qd4 Qb5 53. Qe4 Kb8
54. Qf4 Qc5 55. Qd4 Qc7 56. Qd3 Qc5 57. Qd8+ Qc8 58. Bxa5 Bxe5 59. Bc7+ 1-0

[Event "Chigorin Memorial"]
[Site "St Petersburg"]
[Date "2015.10.06"]
[Round "4.94"]
[White "Miroshnichenko, Pavel"]
[Black "Terentev, Mikhail"]
[Result "1-0"]
[WhiteElo "2255"]
[BlackElo "2013"]
[PlyCount "109"]
[EventDate "2015.10.03"]
[EventRounds "9"]
[EventCountry "RUS"]

1. e4 c6 2. d4 d5 3. e5 Bf5 4. Nf3 e6 5. Be2 Ne7 6. O-O h6 7. Nbd2 Nd7 8. Nb3
Ng6 9. Be3 Bg4 10. Ne1 Bxe2 11. Qxe2 c5 12. c3 cxd4 13. Bxd4 Nf4 14. Qd2 g5 15.
Nd3 Nxd3 16. Qxd3 Bg7 17. Rae1 Qc7 18. Qe3 O-O-O 19. f4 g4 20. f5 h5 21. fxe6
fxe6 22. Rf7 Bh6 23. Qd3 Kb8 24. Qg6 Nf8 25. Qf6 Nh7 26. Bxa7+ Kxa7 27. Rxc7
Nxf6 28. exf6 e5 29. Re7 e4 30. Nc5 Rd6 31. f7 Bf8 32. Rxb7+ Ka8 33. Rd7 Rf6
34. Rxd5 Rxf7 35. Rd8+ Ka7 36. Rd7+ Rxd7 37. Nxd7 Bd6 38. Nf6 Bc5+ 39. Kh1 e3
40. b4 Be7 41. Nd5 Bg5 42. Nxe3 Re8 43. Nc2 Rc8 44. Nd4 Bd2 45. Rd1 Re8 46. Kg1
Be3+ 47. Kf1 h4 48. h3 gxh3 49. gxh3 Rg8 50. Ke2 Bf4 51. Rf1 Re8+ 52. Kd3 Re3+
53. Kc4 Bh2 54. Rf7+ Kb8 55. Rf3 1-0

[Event "Chigorin Memorial"]
[Site "St Petersburg"]
[Date "2015.10.06"]
[Round "4.95"]
[White "Kharlamov, Igor"]
[Black "Petrov, Dmitri"]
[Result "0-1"]
[WhiteElo "2065"]
[BlackElo "2245"]
[PlyCount "94"]
[EventDate "2015.10.03"]
[EventRounds "9"]
[EventCountry "RUS"]

1. d4 d5 2. c4 Nc6 3. Nf3 Bg4 4. e3 e6 5. cxd5 exd5 6. Bb5 Bd6 7. Bxc6+ bxc6 8.
Qa4 Ne7 9. Ne5 Bxe5 10. dxe5 Qd7 11. O-O O-O 12. Nc3 f6 13. f3 Be6 14. exf6
Rxf6 15. e4 Qd6 16. Qa3 d4 17. Na4 Ng6 18. Bg5 Rf7 19. Rfd1 h6 20. Bc1 Qxa3 21.
bxa3 Rd8 22. Nc5 Bc4 23. Be3 d3 24. Rac1 Ne5 25. Rd2 Rd6 26. Bf2 Rxf3 27. Bg3
Rxg3 28. hxg3 Rd4 29. Re1 Kf7 30. Nb3 Rd6 31. Rc1 Ke7 32. Rc3 Rg6 33. Nd4 Kd6
34. Nf3 Ba6 35. Nh4 Rg4 36. Nf5+ Kd7 37. Kf2 g6 38. Nxh6 Rxe4 39. Rc1 Kd6 40.
Re1 Ra4 41. Ng8 Ng4+ 42. Kf3 c5 43. Rb1 Bc4 44. Kxg4 Bxa2+ 45. Rb4 cxb4 46.
Rxd3+ Kc5 47. Nf6 b3+ 0-1

[Event "Chigorin Memorial"]
[Site "St Petersburg"]
[Date "2015.10.06"]
[Round "4.96"]
[White "Martynyuk, Elizaveta"]
[Black "Shkalov, Oleg"]
[Result "1/2-1/2"]
[WhiteElo "2031"]
[BlackElo "2239"]
[PlyCount "208"]
[EventDate "2015.10.03"]
[EventRounds "9"]
[EventCountry "RUS"]

1. e4 c6 2. Nf3 d5 3. Nc3 Bg4 4. h3 Bxf3 5. Qxf3 e6 6. d4 dxe4 7. Nxe4 Nd7 8.
Bd3 Ndf6 9. Bf4 Nd5 10. Be5 Ngf6 11. O-O-O Be7 12. g4 Nb4 13. Bc4 b5 14. Bb3 a5
15. Nc5 Nbd5 16. g5 Nd7 17. Bxg7 Bxg5+ 18. Kb1 Rg8 19. Bxd5 cxd5 20. Nxe6 fxe6
21. Qh5+ Ke7 22. Qxg5+ Kf7 23. Qxd8 Raxd8 24. Bh6 Rg2 25. Rdf1 Nf6 26. Kc1 Ne4
27. Be3 Rdg8 28. Kd1 b4 29. h4 Nd6 30. Rh3 Nf5 31. c3 bxc3 32. bxc3 Rc8 33. Kc2
h5 34. Kd3 Rb8 35. Kc2 a4 36. Bc1 Rg4 37. Rfh1 Rc8 38. Kd3 Rb8 39. Ba3 Rg2 40.
R3h2 Rb1 41. Rxb1 Rxh2 42. Ke2 Ng3+ 43. Ke3 Ne4 44. f3 Nxc3 45. Rb7+ Kg6 46.
Kf4 Rxa2 47. Bf8 Rd2 48. Rc7 Rd3 49. Ke5 Re3+ 50. Kf4 Rd3 51. Ke5 Re3+ 52. Kf4
Nd1 53. Ra7 Rd3 54. Ke5 Re3+ 55. Kf4 Re1 56. Rxa4 Ne3 57. Bb4 Re2 58. Ra1 Kf6
59. Rg1 Rg2 60. Ra1 Nc2 61. Ra2 Ne1 62. Ra3 Nc2 63. Ra2 Ne3 64. Ra8 Nf5 65.
Rf8+ Kg7 66. Rxf5 exf5 67. Kxf5 Kf7 68. Bd6 Rg6 69. Bf4 Rf6+ 70. Ke5 Kg6 71.
Bg5 Rf5+ 72. Ke6 Rxf3 73. Kxd5 Kf7 74. Ke5 Rf1 75. d5 Ra1 76. Kd6 Ke8 77. Ke6
Re1+ 78. Kf6 Kd7 79. Kg6 Kd6 80. Kxh5 Kxd5 81. Kg6 Re8 82. h5 Ke6 83. Bf6 Rf8
84. Bg7 Rf3 85. h6 Rg3+ 86. Kh7 Kf7 87. Bh8 Rb3 88. Be5 Rb6 89. Bd4 Rb7 90. Bc3
Rd7 91. Bb2 Ra7 92. Bd4 Rb7 93. Be5 Ke6+ 94. Bg7 Kf5 95. Kg8 Kg6 96. Bf8 Rd7
97. Bg7 Rc7 98. Bf8 Rb7 99. Bg7 Rf7 100. Bf8 Rb7 101. Bg7 Rc7 102. Bf8 Rh7 103.
Bg7 Rxh6 104. Bxh6 Kxh6 1/2-1/2

[Event "Chigorin Memorial"]
[Site "St Petersburg"]
[Date "2015.10.06"]
[Round "4.97"]
[White "Royset, Pal"]
[Black "Kantyshev, Nikita"]
[Result "1/2-1/2"]
[WhiteElo "2234"]
[BlackElo "2030"]
[PlyCount "114"]
[EventDate "2015.10.03"]
[EventRounds "9"]
[EventCountry "RUS"]

1. e4 e5 2. Nf3 Nc6 3. Bb5 d6 4. d4 exd4 5. Nxd4 Bd7 6. Nc3 g6 7. Nd5 Bg7 8. c3
Nxd4 9. Bxd7+ Qxd7 10. cxd4 Ne7 11. Bh6 O-O 12. Bxg7 Kxg7 13. Nf4 Qb5 14. Qd2
Nc6 15. O-O-O a5 16. Rhe1 a4 17. Re3 Nb4 18. Kb1 Qc4 19. Ra3 c5 20. f3 Kg8 21.
d5 Qb5 22. h4 Qe8 23. h5 Qe5 24. h6 b5 25. Qc3 Qxc3 26. bxc3 Na6 27. c4 Nc7 28.
Rc3 Rfe8 29. Nd3 bxc4 30. Rxc4 Nb5 31. Kc1 Nd4 32. Rd2 a3 33. Rc3 f6 34. Kd1
Kf7 35. Nc1 Reb8 36. Ne2 Rb1+ 37. Rc1 Rxc1+ 38. Nxc1 g5 39. Ne2 Nxe2 40. Kxe2
Rb8 41. Kd3 Rb4 42. Rc2 Kg6 43. Rc3 Ra4 44. g4 Kxh6 45. Kc2 Kg6 46. Kb3 Ra5 47.
Kc4 h5 48. gxh5+ Kxh5 49. Rb3 g4 50. fxg4+ Kxg4 51. Rb6 Ra4+ 52. Kd3 Kf4 53.
Rxd6 Rd4+ 54. Kc3 Kxe4 55. Rxf6 Kxd5 56. Rf5+ Kc6 57. Rf8 Rh4 1/2-1/2

[Event "Chigorin Memorial"]
[Site "St Petersburg"]
[Date "2015.10.06"]
[Round "4.98"]
[White "Askerov, Marat"]
[Black "Khalaji, Hanieh"]
[Result "1/2-1/2"]
[WhiteElo "2232"]
[BlackElo "2006"]
[PlyCount "143"]
[EventDate "2015.10.03"]
[EventRounds "9"]
[EventCountry "RUS"]

1. d4 d5 2. c4 e6 3. Nf3 Nf6 4. g3 dxc4 5. Qc2 c5 6. Qxc4 Nc6 7. dxc5 Qa5+ 8.
Nbd2 Bxc5 9. Bg2 Qb4 10. O-O Qxc4 11. Nxc4 Ke7 12. b3 Nd7 13. Bb2 f6 14. Nfd2
Nb6 15. Rac1 Rd8 16. Rfd1 Nxc4 17. Rxc4 Bb4 18. Bxc6 Rxd2 19. Rxd2 Bxd2 20.
Ba3+ Kf7 21. Bf3 Ba5 22. Bd6 e5 23. Bc7 Bd2 24. a3 Be6 25. Rc2 Rc8 26. Bxb7
Bxb3 27. Rc5 Re8 28. e3 Re7 29. Ba6 Be6 30. Kf1 e4 31. Bb5 Bg4 32. Bc4+ Kg6 33.
Bd5 Bf3 34. h4 h5 35. Bc4 Bc1 36. a4 Ba3 37. Rc6 Bg4 38. Bb3 Rd7 39. Bc2 Bf3
40. Rc4 Kf5 41. Ba5 Rd5 42. Bc3 Bc5 43. Bd4 Bxd4 44. exd4 g5 45. Rc5 Rxc5 46.
dxc5 Ke5 47. Bb3 gxh4 48. gxh4 f5 49. Ke1 f4 50. Kd2 Kd4 51. c6 e3+ 52. fxe3+
fxe3+ 53. Ke1 Bxc6 54. Bd1 Be8 55. a5 Ke4 56. Be2 Kf4 57. Bd1 Bf7 58. Kf1 Bc4+
59. Ke1 e2 60. Bxe2 Bxe2 61. Kxe2 Kg3 62. a6 Kxh4 63. Kf2 Kg4 64. Kg2 Kf4 65.
Kh3 Ke4 66. Kh4 Kd5 67. Kxh5 Kc6 68. Kg4 Kb5 69. Kf4 Kxa6 70. Ke3 Kb5 71. Kd2
Ka4 72. Kc2 1/2-1/2

[Event "Chigorin Memorial"]
[Site "St Petersburg"]
[Date "2015.10.06"]
[Round "4.99"]
[White "Aseeva, Anastasia"]
[Black "Orlov, Konstantin"]
[Result "0-1"]
[WhiteElo "2015"]
[BlackElo "2222"]
[PlyCount "84"]
[EventDate "2015.10.03"]
[EventRounds "9"]
[EventCountry "RUS"]

1. d4 Nf6 2. c4 c5 3. d5 g6 4. Nc3 Bg7 5. g3 O-O 6. Bg2 d6 7. Nf3 e5 8. dxe6
Bxe6 9. Qb3 Nc6 10. Nd2 Na5 11. Qa4 a6 12. O-O Rb8 13. Rd1 b5 14. cxb5 axb5 15.
Qc2 b4 16. Nce4 b3 17. Nxf6+ Qxf6 18. axb3 Nxb3 19. Ra6 Nxc1 20. Qxc1 Qxb2 21.
Rxd6 Rfc8 22. Bd5 Bxd5 23. Rxd5 c4 24. Ne4 c3 25. Nd6 Rd8 26. Qf4 c2 27. Rf1
Qf6 28. Qd2 Qc3 29. Qf4 Qf6 30. Qd2 Qe6 31. e4 Bb2 32. Nc4 Rdc8 33. Nxb2 Rxb2
34. Rd8+ Rxd8 35. Qxd8+ Kg7 36. Qd4+ Qf6 37. e5 Qb6 38. Qc3 Qb3 39. Qc6 Kh6 40.
Qf6 Qc4 41. g4 Qxg4+ 42. Kh1 Rb1 0-1

[Event "Chigorin Memorial"]
[Site "St Petersburg"]
[Date "2015.10.06"]
[Round "4.100"]
[White "Schetchikov, Vladimir"]
[Black "Privorotsky, Oleg"]
[Result "0-1"]
[WhiteElo "2222"]
[BlackElo "1985"]
[PlyCount "64"]
[EventDate "2015.10.03"]
[EventRounds "9"]
[EventCountry "RUS"]

1. e4 c5 2. c4 Nc6 3. Nc3 e5 4. g3 g6 5. Bg2 Bg7 6. Nge2 Nge7 7. O-O O-O 8. d3
d6 9. f4 f5 10. exf5 Nxf5 11. Nd5 Rb8 12. Nec3 a6 13. a4 Ncd4 14. a5 Nc6 15.
Qa4 Nfd4 16. Nb6 Bf5 17. Ne4 Nxa5 18. Nd5 Nab3 19. fxe5 Bxe4 20. Bxe4 Ne2+ 21.
Kg2 Rxf1 22. Qxb3 Rxc1 23. Rxc1 Nxc1 24. Qc2 Na2 25. e6 Nb4 26. Qf2 Qf8 27. Nf4
g5 28. Qf3 gxf4 29. Qh5 f3+ 30. Kf1 h6 31. Qg6 Qf6 32. Qh7+ Kf8 0-1

[Event "Chigorin Memorial"]
[Site "St Petersburg"]
[Date "2015.10.06"]
[Round "4.101"]
[White "Zhikharev, Valeriy"]
[Black "Vinod, G."]
[Result "1/2-1/2"]
[WhiteElo "2212"]
[BlackElo "1990"]
[PlyCount "104"]
[EventDate "2015.10.03"]
[EventRounds "9"]
[EventCountry "RUS"]

1. d4 d5 2. Bg5 h6 3. Bh4 c5 4. e3 Nf6 5. Bxf6 exf6 6. Nf3 Nc6 7. Nbd2 cxd4 8.
exd4 Bd6 9. Bd3 O-O 10. O-O Bg4 11. c3 Rb8 12. Re1 b5 13. Nf1 b4 14. Ne3 Be6
15. c4 dxc4 16. Bxc4 Bxc4 17. Nxc4 Ne7 18. Ne3 Rb5 19. Qd3 a6 20. Rad1 f5 21.
d5 f4 22. Nf5 Nxf5 23. Qxf5 g6 24. Qe4 Qf6 25. Re2 Ra5 26. Qc4 g5 27. Nd2 Qg6
28. Ne4 Rd8 29. b3 Rb5 30. Qd4 f5 31. Nf6+ Kf7 32. Qa7+ Kf8 33. Re6 Qf7 34.
Qxa6 Rxd5 35. Nxd5 Qxe6 36. Nxb4 f3 37. g3 f4 38. Qd3 fxg3 39. Qxf3+ Ke8 40.
Nd5 gxh2+ 41. Kg2 g4 42. Qe3 Kf7 43. Qxe6+ Kxe6 44. Ne3 h5 45. Nf1 Rf8 46. Rd2
h4 47. Nxh2 h3+ 48. Kg1 Rc8 49. Rd1 Bxh2+ 50. Kxh2 Rc2 51. Kg3 Rxa2 52. Rd4 h2
1/2-1/2

[Event "Chigorin Memorial"]
[Site "St Petersburg"]
[Date "2015.10.06"]
[Round "4.102"]
[White "Khadzhiev, Valery"]
[Black "Mischeryakov, Alexey"]
[Result "1/2-1/2"]
[WhiteElo "2195"]
[BlackElo "1923"]
[PlyCount "85"]
[EventDate "2015.10.03"]
[EventRounds "9"]
[EventCountry "RUS"]

1. d4 d5 2. Nf3 c6 3. e3 e6 4. Be2 f5 5. O-O Nf6 6. b3 Bd6 7. Ba3 O-O 8. c4 Qe7
9. Bxd6 Qxd6 10. c5 Qc7 11. Ne5 Nbd7 12. f4 b6 13. b4 a5 14. cxb6 Qxb6 15. Qa4
Nxe5 16. fxe5 Ne4 17. b5 c5 18. dxc5 Qxc5 19. Qd4 Qe7 20. Nd2 Bb7 21. a4 Rac8
22. Nb3 Ra8 23. Bd3 Rfc8 24. Bxe4 dxe4 25. Qb6 Bd5 26. Nd4 Qg5 27. Rae1 Rc4 28.
Qd6 Rxd4 29. exd4 e3 30. g3 Qg4 31. Rf4 Qh3 32. Re2 g5 33. Rf1 f4 34. Qe7 Qg4
35. Rxe3 Rf8 36. Qc5 Rf7 37. Ree1 h5 38. Qc2 Kg7 39. Qe2 f3 40. Qf2 h4 41. Re3
Rf4 42. Rc3 Rxd4 43. Rxf3 1/2-1/2

[Event "Chigorin Memorial"]
[Site "St Petersburg"]
[Date "2015.10.06"]
[Round "4.103"]
[White "Yakimenko, Viktoria"]
[Black "Mamyrbay, Assad"]
[Result "1-0"]
[WhiteElo "1974"]
[BlackElo "2195"]
[PlyCount "63"]
[EventDate "2015.10.03"]
[EventRounds "9"]
[EventCountry "RUS"]

1. e4 e5 2. Nf3 Nc6 3. Bb5 a6 4. Ba4 Nf6 5. d3 b5 6. Bb3 Be7 7. Nc3 d6 8. a4 b4
9. Nd5 O-O 10. Nxe7+ Nxe7 11. Bg5 Ng6 12. Qd2 h6 13. Be3 a5 14. h3 d5 15. exd5
Bb7 16. h4 Bxd5 17. Bxd5 Nxd5 18. h5 Ngf4 19. O-O-O Qf6 20. d4 exd4 21. Bxd4
Qc6 22. g3 Nc3 23. Bxc3 bxc3 24. Qxf4 cxb2+ 25. Kb1 Rab8 26. Ne5 Qc5 27. Qe3
Qb4 28. Rh4 Qb7 29. Nd7 Rfd8 30. Rhd4 Re8 31. Qc3 c5 32. Rg4 1-0

[Event "Chigorin Memorial"]
[Site "St Petersburg"]
[Date "2015.10.06"]
[Round "4.104"]
[White "Vunder, Andrey"]
[Black "Ivanov, Nikolay A"]
[Result "1-0"]
[WhiteElo "2192"]
[BlackElo "1895"]
[PlyCount "69"]
[EventDate "2015.10.03"]
[EventRounds "9"]
[EventCountry "RUS"]

1. d4 Nf6 2. Nf3 g6 3. c3 Bg7 4. Bg5 d5 5. Nbd2 O-O 6. e3 Nbd7 7. Be2 Re8 8.
O-O c6 9. c4 h6 10. Bh4 Nf8 11. Rc1 Be6 12. Qb3 Qb6 13. Qa3 dxc4 14. Nxc4 Bxc4
15. Bxc4 e6 16. Rfd1 N8d7 17. Qd3 Nd5 18. e4 Nf4 19. Qd2 g5 20. Bg3 Ng6 21. Rc3
a6 22. Rd3 Rac8 23. b4 Nf6 24. Re1 Rcd8 25. h4 g4 26. Ne5 Nxe5 27. Bxe5 Nh5 28.
Bxg7 Kxg7 29. e5 Qc7 30. Re4 f5 31. exf6+ Nxf6 32. Rf4 e5 33. Rxf6 Kxf6 34.
Qxh6+ Kf5 35. Qg5+ 1-0

[Event "Chigorin Memorial"]
[Site "St Petersburg"]
[Date "2015.10.06"]
[Round "4.105"]
[White "Slugin, Yaroslav"]
[Black "Derakhshani, Borna"]
[Result "0-1"]
[WhiteElo "1895"]
[BlackElo "2186"]
[PlyCount "30"]
[EventDate "2015.10.03"]
[EventRounds "9"]
[EventCountry "RUS"]

1. e4 e5 2. Nc3 Nc6 3. f4 exf4 4. d4 Qh4+ 5. Ke2 b6 6. Nf3 Ba6+ 7. Kd2 Qf2+ 8.
Ne2 Qe3+ 9. Ke1 Qxe4 10. Bxf4 Nb4 11. Kd2 Nd5 12. Bg3 Ne3 13. Qc1 Bb4+ 14. Nc3
Nxf1+ 15. Rxf1 Qe2# 0-1

[Event "Chigorin Memorial"]
[Site "St Petersburg"]
[Date "2015.10.06"]
[Round "4.106"]
[White "Zherebtsova, Alexandra"]
[Black "Golikov, Sergei"]
[Result "1-0"]
[WhiteElo "2181"]
[BlackElo "1708"]
[PlyCount "113"]
[EventDate "2015.10.03"]
[EventRounds "9"]
[EventCountry "RUS"]

1. d4 d5 2. Nf3 Nf6 3. c4 c6 4. e3 g6 5. Nbd2 Bg7 6. Bd3 O-O 7. O-O Bg4 8. Qc2
Bxf3 9. Nxf3 Nbd7 10. b3 Rc8 11. b4 Re8 12. Bb2 Nf8 13. Qb3 Qd6 14. Rad1 Qc7
15. Ne5 N6d7 16. f4 Nxe5 17. fxe5 dxc4 18. Bxc4 e6 19. Rf3 b5 20. Bd3 Nd7 21.
Rdf1 Rf8 22. Bc3 a6 23. Be1 Qa7 24. Bh4 Nb6 25. Kh1 Nd5 26. Qb2 Rc7 27. e4 Nb6
28. Qc1 Na4 29. Bf2 Qb7 30. Qg5 Qc8 31. Bc2 Nb6 32. Bb3 Nd7 33. Be3 Qe8 34. Qh4
Qc8 35. g4 Re8 36. Rxf7 Nf8 37. Rxc7 Qxc7 38. Qf2 Kh8 39. Qc2 Rc8 40. Rf3 a5
41. Qf2 Kg8 42. Bd2 a4 43. Bc2 Rd8 44. Bg5 Rd7 45. Bf6 Rf7 46. a3 Qb7 47. Bb1
Nd7 48. Ba2 Nf8 49. d5 cxd5 50. exd5 exd5 51. Rd3 Rd7 52. Qf3 Kh8 53. Bxd5 Qc8
54. g5 Qe8 55. Re3 Qc8 56. Rc3 Rc7 57. Bxg7+ 1-0

[Event "Chigorin Memorial"]
[Site "St Petersburg"]
[Date "2015.10.06"]
[Round "4.107"]
[White "Gadzhiev, Farid"]
[Black "Reshetnikov, Ruslan"]
[Result "0-1"]
[WhiteElo "1894"]
[BlackElo "2178"]
[PlyCount "98"]
[EventDate "2015.10.03"]
[EventRounds "9"]
[EventCountry "RUS"]

1. e4 d6 2. d4 Nf6 3. Nc3 c6 4. a4 Qa5 5. Bd2 e5 6. Nd5 Qd8 7. Nxf6+ Qxf6 8.
Bc3 Be6 9. Nf3 Nd7 10. Be2 Be7 11. Qd3 O-O 12. h3 Qg6 13. O-O-O exd4 14. Bxd4
f5 15. exf5 Bxf5 16. Qc3 d5 17. g4 Be4 18. Ne5 Nxe5 19. Bxe5 Bxh1 20. Rxh1 Bf6
21. Bxf6 Qxf6 22. Qxf6 Rxf6 23. f3 Re8 24. Kd2 g5 25. b3 Kg7 26. h4 Rh6 27. h5
Rf6 28. Rh2 h6 29. Rf2 Rf4 30. Rg2 a5 31. Rf2 Rb8 32. Bd3 Kf6 33. c4 Rd8 34.
Kc3 d4+ 35. Kd2 Re8 36. Be2 Re3 37. Bd1 Ke5 38. Rf1 Kd6 39. Rg1 Kc5 40. Re1
Rxe1 41. Kxe1 Kb4 42. Kd2 Ka3 43. Kd3 Kb2 44. Kd2 b6 45. Kd3 Kc1 46. Be2 c5 47.
b4 axb4 48. a5 bxa5 49. Bd1 b3 0-1

[Event "Chigorin Memorial"]
[Site "St Petersburg"]
[Date "2015.10.06"]
[Round "4.109"]
[White "Rybaizen, Boris"]
[Black "Selezneva, Ekaterina"]
[Result "1/2-1/2"]
[WhiteElo "2324"]
[BlackElo "1700"]
[PlyCount "98"]
[EventDate "2015.10.03"]
[EventRounds "9"]
[EventCountry "RUS"]

1. d4 Nf6 2. c4 c5 3. e3 g6 4. Nf3 Bg7 5. Be2 cxd4 6. exd4 d5 7. c5 O-O 8. O-O
Nc6 9. Nc3 Bf5 10. Bf4 Qd7 11. a3 Rfd8 12. h3 Ne4 13. Bh2 Rac8 14. Rc1 Bh6 15.
Ra1 Bg7 16. Bb5 Nxc3 17. bxc3 Be4 18. Ne5 Qf5 19. g4 Qg5 20. Nxc6 bxc6 21. Ba6
Ra8 22. Bb7 Qf6 23. f3 Rab8 24. Bxb8 Rxb8 25. Ba6 Qh4 26. Kg2 Rb2+ 27. Be2 Bh6
28. fxe4 Be3 29. Qd3 Qg5 30. e5 h5 31. Kg3 Rd2 32. Qa6 h4+ 33. Kg2 Bxd4 34.
cxd4 Qe3 35. Rf2 Qg3+ 36. Kf1 Qxh3+ 37. Ke1 Qc3 38. Rd1 Rb2+ 39. Kf1 Qh3+ 40.
Kg1 Qg3+ 41. Rg2 Qe3+ 42. Kh1 h3 43. Rh2 Qe4+ 44. Kg1 Qe3+ 45. Kf1 Qg3 46. Rf2
h2 47. Rxh2 Qxh2 48. Qd3 Qh1+ 49. Kf2 Qh2+ 1/2-1/2

[Event "Chigorin Memorial"]
[Site "St Petersburg"]
[Date "2015.10.06"]
[Round "4.110"]
[White "Igonin, Temur"]
[Black "Senkevich, Konstantin"]
[Result "1-0"]
[WhiteElo "2390"]
[BlackElo "2005"]
[PlyCount "67"]
[EventDate "2015.10.03"]
[EventRounds "9"]
[EventCountry "RUS"]

1. e4 c5 2. Nf3 Nc6 3. d4 cxd4 4. Nxd4 Nf6 5. Nc3 d6 6. Bg5 a5 7. Bxf6 gxf6 8.
Nb3 Qc7 9. Nd5 Qd8 10. Qh5 e6 11. Ne3 Bd7 12. O-O-O Qc7 13. Be2 Be7 14. Kb1
O-O-O 15. f4 Rdg8 16. Rd2 Be8 17. Rhd1 Rg6 18. g3 Bf8 19. Qf3 h5 20. Nc4 h4 21.
g4 Rhg8 22. Qf2 Rxg4 23. Bxg4 Rxg4 24. Ne3 Rg6 25. f5 Rg8 26. Qxh4 Qd8 27. Nc4
Ne5 28. Nxd6+ Bxd6 29. Rxd6 Bd7 30. a3 Qe7 31. Qh7 Qf8 32. Rxd7 Nxd7 33. fxe6
Ne5 34. e7 1-0

[Event "Chigorin Memorial"]
[Site "St Petersburg"]
[Date "2015.10.06"]
[Round "4.111"]
[White "Ustich, Ekaterina"]
[Black "Chashchev, Sergey"]
[Result "0-1"]
[WhiteElo "1996"]
[BlackElo "2377"]
[PlyCount "108"]
[EventDate "2015.10.03"]
[EventRounds "9"]
[EventCountry "RUS"]

1. e4 c6 2. d4 Na6 3. c3 Nc7 4. Nf3 g6 5. Bd3 Bg7 6. O-O Nh6 7. Bf4 f6 8. h3
O-O 9. Nbd2 d6 10. Re1 e5 11. Bg3 Be6 12. Bc2 Qd7 13. Bb3 a5 14. Bxe6+ Nxe6 15.
Nc4 Qe7 16. d5 cxd5 17. Qxd5 Nf7 18. Qb5 Qc7 19. Rad1 Ra6 20. Ne3 Qc6 21. Qd5
Nc7 22. Qb3 a4 23. Qc2 Rc8 24. a3 Ra5 25. Nh2 Rd8 26. Nhf1 d5 27. exd5 Nxd5 28.
Nxd5 Raxd5 29. Rxd5 Rxd5 30. Ne3 Rd8 31. Rd1 f5 32. Rxd8+ Nxd8 33. Qd3 Ne6 34.
f3 Kf7 35. Nc4 Ke7 36. Qe2 e4 37. fxe4 Qxe4 38. Qxe4 fxe4 39. Kf1 Kd7 40. Ke2
Kc6 41. Ke3 Nc5 42. Bf4 b5 43. Nd2 Nd3 44. Kxe4 Nxf4 45. Kxf4 Bh6+ 46. Ke4 Bxd2
47. Kd3 Bc1 48. Kc2 Bg5 49. b3 Kc5 50. g3 Be3 51. Kb2 h5 52. Kc2 g5 53. g4 hxg4
54. hxg4 Kd5 0-1

[Event "Chigorin Memorial"]
[Site "St Petersburg"]
[Date "2015.10.06"]
[Round "4.112"]
[White "Chekletsov, Ilya"]
[Black "Kuryshev, Ivan"]
[Result "1-0"]
[WhiteElo "2299"]
[BlackElo "1989"]
[PlyCount "89"]
[EventDate "2015.10.03"]
[EventRounds "9"]
[EventCountry "RUS"]

1. e4 e5 2. Nf3 Nc6 3. Bb5 a6 4. Bxc6 dxc6 5. O-O f6 6. d4 Bg4 7. c3 c5 8. Be3
cxd4 9. cxd4 exd4 10. Qa4+ Qd7 11. Qxd7+ Bxd7 12. Nxd4 O-O-O 13. Nc3 Bd6 14.
Rac1 Ne7 15. Rfd1 f5 16. Bg5 Rde8 17. e5 Bb4 18. e6 Bc6 19. a3 Bd6 20. Nce2
Rhf8 21. g3 Bd5 22. Nc3 Bc6 23. Kf1 Ng6 24. Nxc6 bxc6 25. Na4 Kb7 26. Re1 h6
27. Bd2 f4 28. Bb4 fxg3 29. hxg3 Rf5 30. Nc5+ Bxc5 31. Rxc5 Rf6 32. Bc3 Rfxe6
33. Rxe6 Rxe6 34. Bxg7 Ne7 35. Rh5 Ng8 36. Bc3 Rg6 37. Kg2 Nf6 38. Rh4 Kb6 39.
Bd2 Ng8 40. Be3+ Kb5 41. Rb4+ Ka5 42. Bd2 Rd6 43. Bc3 Rd3 44. g4 Ne7 45. Be1
1-0

[Event "Chigorin Memorial"]
[Site "St Petersburg"]
[Date "2015.10.06"]
[Round "4.113"]
[White "Tarasov, Alexandr"]
[Black "Bubnov, Kirill"]
[Result "1-0"]
[WhiteElo "2297"]
[BlackElo "1988"]
[PlyCount "77"]
[EventDate "2015.10.03"]
[EventRounds "9"]
[EventCountry "RUS"]

1. Nf3 Nf6 2. c4 g6 3. Nc3 d5 4. Qa4+ Bd7 5. Qb3 dxc4 6. Qxc4 Bg7 7. e4 O-O 8.
e5 Ne8 9. d4 c6 10. Qb3 b6 11. Be3 Nc7 12. Rd1 Bg4 13. Be2 Nd5 14. h3 Bxf3 15.
Bxf3 e6 16. O-O Nd7 17. Bd2 Rc8 18. Ne4 h6 19. Rfe1 a5 20. Nd6 Rb8 21. Rc1 c5
22. Bxd5 exd5 23. Qxd5 cxd4 24. Nxf7 Rxf7 25. e6 Rf5 26. Qxd7 Qxd7 27. exd7
Rff8 28. Rc6 g5 29. Re7 Rbd8 30. Rxb6 Rf7 31. Re8+ Rf8 32. Rxf8+ Kxf8 33. Rb7
Ke7 34. Bxa5 Rxd7 35. Rxd7+ Kxd7 36. Kf1 Kc6 37. Ke2 Kb5 38. Bd2 Kc4 39. b3+
1-0